1577 1437 1291 1143 1868 1103 1417 1567 1773 1348 1269 1349 1578 1729 1758 1656 1171 1143 1375 1692 1379 1304 1886 1234 1393 1309 1703 1416 1170 1270 1702 1262 1018 1337 1692 1636 1823 1867 1812 1367 1683 1867 1333 1668 1427 1431 1863 1003 1099 1274 1368 1863 1850 1900 1830 1866 1943 1899 1015 1779 1504 1573 1904 1248 1917 1795 1431 1476 1386 1943 1643 1729 1541 1861 1194 2000 1850 1065 1147 1757 1836 1348 1208 1547 1200 1811 1297 1429 1167 1394 1929 1060 1965 1531 1439 1175 1839 1541 1348 BCNSPRNW ULIB Ver.6.0+V

เปลี่ยนเป็นภาษาไทย

Change to English
 แสดงรายละเอียดบรรณานุกรม
  กลับหน้าหลัก

Brief Record : Get Marc (ISO 2709) : E-mail record : QR code < ปิดหน้าต่าง
LEADER : 00000nam 2200000uu 4500
001    13399126561
003     ULIB
008    020711s2557 th a 000 0 tha d
020    ^a9786162662454
050    ^aนว^bธ646บ
100    ^aธีร์วรา
245    ^aบำเรอสวาทมาเฟีย
260    ^aกรุงเทพฯ :^bบริษัท อินเลิฟ พับลิชชิ่ง คอร์เปอร์เรชั่น จำกัด,^c2557
300    ^a350 หน้า;^b21 ซม.
650    ^aนวนิยาย
945    ^p299^l0^i004743
999    ^aประนอม เกษจรัล
รายการนี้ยังไม่มีแท็ก
คุณยังไม่ได้ล็อกอิน คุณสามารถมีกิจกรรมร่วมกับเว็บไซต์ได้ แต่ต้องล็อกอินก่อน ::
  ล็อกอิน

รายการสื่อสารสนเทศ

ลำดับที่ ประเภท เลขเรียก/บาร์โค้ด สถานที่ สถานะ
1. นวนิยาย
นวนิยาย
นว ธ646บ ฉ.1 
  Barcode: 004743
ห้องสมุดวิทยาเขตสวรรค์ประชารักษ์
►นวนิยาย
บนชั้น
  ขอยืม

รายการใกล้เคียง
    หัวเรื่อง [นวนิยาย]

BibComment


ยังไม่เคยถูกคอมเมนท์

คอมเมนท์ทรัพยากรรายการนี้
  คอมเมนท์: บำเรอสวาทมาเฟีย


 Copyright 2026. Bcnsprnw @Library